Statistics for US States That Contain More Vowels Than Consonants

Click here to take the quiz!

General Stats

  • This quiz has been taken 44 times
  • The average score is 9 of 10

Answer Stats

Answer% Correct
Alabama
95%
Hawaii
92%
Ohio
92%
Georgia
90%
Idaho
87%
Iowa
87%
Maine
87%
Indiana
85%
Louisiana
85%
Arizona
79%

Score Distribution

Percentile by Number Answered

Percent of People with Each Score

Your Score History

You have not taken this quiz